| 000 | 00802nam a2200229 a 4500 | ||
|---|---|---|---|
| 001 | 1456144 | ||
| 003 | AM-YEHGA | ||
| 005 | 20250618080147.0 | ||
| 008 | 181025s2018 xx |||||r|||||00||0|eng|| | ||
| 040 | _aAM-YeHGA | ||
| 041 | 0 | _aeng | |
| 245 | 0 | 4 |
_aThe Armenian Genocide : _bPrelude and aftermath. As reported in the U.S. Press : The New York Times / _cComp. and ed. by Rev. Vahan Ohanian, Ara Ketibian. |
| 260 |
_a[S. l.] : _bMekhitarist publication, _c2018. |
||
| 300 |
_avolume ; _c28 cm. |
||
| 505 | 0 | 0 |
_gVol. 1 (2018, XV, 1024, XII p.) : _t(1890-1914) ; _gVol. 2 (2018, pp. 1025-2054, VII) : _t(1915-1922) |
| 650 | 1 | 4 |
_aHistory _zArmenia _94954 |
| 650 | 1 | 4 | _aArmenian Genocide |
| 700 | 1 |
_aOhanian, Vahan _4edt _4com |
|
| 700 | 1 |
_aKetibian, Ara _4edt _4com |
|
| 942 |
_2udc _cBK |
||
| 090 | _c569588 | ||
| 999 |
_c530856 _d530856 |
||